00311nam a2200121Ia 45000030006000000080041000060400015000471000022000622450045000842600031001295460012001600050017001720STCL150530s9999 xx 000 0 und d aSTCLcSTCL aVelappan Nair, R. aBulletin of the Madras Government museum bGovernment of Madrasc1949 aEnglish20220125170418.0